000 00983nam a2200253 i 4500
001 180911
003 ES-MaACL
005 20230906221220.0
007 t|
008 120828s2004 it a |||| | ita d
020 _a88-88141-87-1
080 _a72.025.4
100 1 _aIovino, Renato.
_9151355
245 1 0 _aPit@a
_b: progettazione integrata tecnologie innovative architettura e ambiente : l'attività del Master /
_ca cura di Renato Iovino, Flavia Fascia, Ciro Varriale.
260 _aNapoli :
_bLuciano,
_c2004.
300 _a47 p. :
_bil. ;
_c21 cm +
_e1 CD-ROM.
594 _aPrecede al título: Dipartamento Ingegneria Edile, Università degli studi di Napoli Federico II Fosvi, Consorzio per la formazione e lo sviluppo.
650 4 _aArquitectura-
_xRestauración.
_9142939
700 1 _aFascia, Flavia.
_9151356
700 1 _aVarriale, Ciro.
_9151357
710 2 _aUniversità di Napoli.
_9158416
852 _aES-MaACL
_j2124-F-1
852 _aES-MaACL
_jROT 6/2/12
999 _c180911
_d180911